| 000 | 00536nam a2200169 4500 | ||
|---|---|---|---|
| 008 | 0 1987 0a 000 0Mex | ||
| 020 | _a968-8800-86-4 | ||
| 050 | _aQA303 E26 | ||
| 082 | _a515.15 E527c | ||
| 100 | _aEdwards, C. H. | ||
| 245 | _aC lculo con geometría analítica / C. H. Edwards, David E. Penney | ||
| 250 | _a2a. edic. del ingles | ||
| 260 | _aMéxico : Prentice- Hall | ||
| 300 | _axiii, 1042 p. , 88 p. / 27 cm. | ||
| 650 | _a1. CALCULO \ 2. GEOMETRIA ANALITICA | ||
| 700 | _aI. Penney, David E., coaut. | ||
| 999 |
_c19521 _d19521 |
||